Postavenie Arménska v medzinárodných vzťahoch

Vyhnúť sa izolácii a byť súčasťou svetového spoločenstva ako dôležité ciele zahraničnej politiky Arménska. Otázka bezpečnosti Arménska. Fázy integrácie Arménska do európskych a euroatlantických štruktúr. Úsilie o mierové riešenie Karabachského konfliktu. Strategické záujmy v regióne a zahraničné vzť...

Descripción completa

Guardado en:
Detalles Bibliográficos
Autor principal: Stepanyan, Ruben
Formato: Capítulo de libro
Lenguaje:eslovaco
Materias:
Etiquetas: Agregar Etiqueta
Sin Etiquetas, Sea el primero en etiquetar este registro!

MARC

LEADER 00000naa$a2200000$$$4500
001 0053074
005 20240502071619.6
041 0 |a slo 
044 |a SK 
245 1 0 |a Postavenie Arménska v medzinárodných vzťahoch  |c Ruben Stepanyan 
520 |a Vyhnúť sa izolácii a byť súčasťou svetového spoločenstva ako dôležité ciele zahraničnej politiky Arménska. Otázka bezpečnosti Arménska. Fázy integrácie Arménska do európskych a euroatlantických štruktúr. Úsilie o mierové riešenie Karabachského konfliktu. Strategické záujmy v regióne a zahraničné vzťahy s vybranými krajinami. 
610 2 0 |a vzťahy politické medzinárodné 
610 2 0 |a politika zahraničná 
610 2 0 |a štát 
610 2 0 |a hranice štátne 
610 2 0 |a konflikty 
610 2 0 |a regióny 
610 2 0 |a obchod zahraničný 
610 2 0 |a spolupráca medzinárodná 
610 2 0 |a Arménsko 
100 1 |a Stepanyan, Ruben